Biology, hatchery and culture technology of tiger prawn and giant freshwater prawn / (Record no. 53812)
[ view plain ]
| 000 -LEADER | |
|---|---|
| fixed length control field | 00807nam a2200253 a 4500 |
| 001 - CONTROL NUMBER | |
| control field | 53812 |
| 003 - CONTROL NUMBER IDENTIFIER | |
| rucl marc code | BD-RjUL |
| 005 - DATE AND TIME OF LATEST TRANSACTION | |
| control field | 20211209080026.0 |
| 008 - FIXED-LENGTH DATA ELEMENTS--GENERAL INFORMATION | |
| fixed length control field | 161026b xxu||||| |||| 00| 0 eng d |
| 020 ## - INTERNATIONAL STANDARD BOOK NUMBER | |
| International Standard Book Number | 8170352312 |
| 035 ## - SYSTEM CONTROL NUMBER | |
| System control number | (BD-RjUL)53934 |
| 040 ## - CATALOGING SOURCE | |
| Original cataloging agency | BD-RjUL |
| Language of cataloging | eng |
| Transcribing agency | BD-RjUL |
| Modifying agency | BD-RjUL |
| 041 ## - LANGUAGE CODE | |
| Language code of text/sound track or separate title | eng |
| 082 ## - DEWEY DECIMAL CLASSIFICATION NUMBER | |
| Edition number | 23 |
| Classification number | 597.48 |
| Author mark and year | CHB 2001 |
| 100 ## - MAIN ENTRY--PERSONAL NAME | |
| Personal name | Chakraborty, Chiranjib |
| 9 (RLIN) | 160727 |
| 245 10 - TITLE STATEMENT | |
| Title | Biology, hatchery and culture technology of tiger prawn and giant freshwater prawn / |
| Statement of responsibility, etc. | Chiranjib Chakraborty; Arup Kumar Sadhu |
| 260 ## - PUBLICATION, DISTRIBUTION, ETC. (IMPRINT) | |
| Place of publication, distribution, etc. | Delhi : |
| Name of publisher, distributor, etc. | Daya Pub. House, |
| Date of publication, distribution, etc. | 2001. |
| 300 ## - PHYSICAL DESCRIPTION | |
| Pagination | x, 161, p. : |
| Illustrations | ill. ; |
| Size | 24 cm. |
| 500 ## - GENERAL NOTE | |
| General note | Include index |
| 650 ## - SUBJECT ADDED ENTRY--TOPICAL TERM | |
| Topical term or geographic name as entry element | Shrimp culture. |
| 9 (RLIN) | 158179 |
| Topical term or geographic name as entry element | Penaeus esculentus. |
| 9 (RLIN) | 160728 |
| 700 ## - ADDED ENTRY--PERSONAL NAME | |
| Personal name | Sadhu, Arup Kumar |
| 942 ## - ADDED ENTRY ELEMENTS (KOHA) | |
| Source of classification or shelving scheme | Dewey Decimal Classification |
| Koha item type | Books |
| Lost status | Source of classification or shelving scheme | Damaged status | Not for loan | Collection code | Permanent Location | Current Location | Shelving location | Date acquired | Source of acquisition | Cost, normal purchase price | Total Checkouts | Full call number | Date last seen | Copy number | Koha item type |
|---|---|---|---|---|---|---|---|---|---|---|---|---|---|---|---|
| Dewey Decimal Classification | Non-fiction | Central Library, University of Rajshahi | Central Library, University of Rajshahi | 19/04/2008 | Dhaka paragon enterprises ltd. | 250.00 | 597.48 CHB 2001 | 26/10/2016 | C-2 | Books | |||||
| Dewey Decimal Classification | Not For Loan | Non-fiction | Central Library, University of Rajshahi | Central Library, University of Rajshahi | Reading Room | 19/04/2008 | Dhaka,Paragon Enterprise | 250.00 | 597.48 CHB 2001 | 13/03/2017 | C-1 | Books |